Chirurgia pre všeobecných praktických lekárov

Bibliographic Details
Main Authors: Brož, Ludomír (Author), Bürger, Jan (Author), Drahoňovský, Václav (Author), Fanta, Jan, 1950- (Author), Kalný, Antonín (Author), Kessler, Petr (Author), Kostlivý, Karel (Author), Winkler, Ludvík (Author)
Format: Book
Language:Slovak
PhysicalDescription:218 s. fotogr., ilustr., tab. 21 cm
Published: Bratislava Josef Raabe 2014
ISBN:9788081401060
Series:Edičný rad pre VPL
Edičný rad pre všeobecných lekárov
Subjects:

MARC

LEADER 00000cam a2200000 a 4500
001 vtls010596761
003 SK-MaSNL
005 20260301215105.0
008 180601s2014 xo oa f 001 0 slo
015 |a SNBA2014/08 
020 |a 9788081401060  |q (brož.) 
035 |a FA36BB2F-362C-4B2C-ACE9-9BC6529BC68B 
035 |a urn:nbn:sk:snk-am3h5w5 
035 |a urn:nbn:sk:snk-am008y1p 
040 |a SNK  |b slo  |c SNK  |e AACR2 
041 0 |a slo 
044 |a xo  |c SK 
072 7 |a 617  |x Ortopédia. Chirurgia. Oftalmológia  |2 konspekt 
080 |a 617-089  |2 2001 
080 |a (035)  |2 2001 
080 |a 616-07  |2 2001 
080 |a 616-084  |2 2001 
245 0 0 |a Chirurgia pre všeobecných praktických lekárov  |c Lubomír Brož ... [et al.] 
246 1 4 |a Chirurgia pre všeobecných lekárov 
260 |a Bratislava  |b Josef Raabe  |c 2014 
300 |a 218 s.  |b fotogr., ilustr., tab.  |c 21 cm 
490 1 |a Edičný rad pre VPL ;  |v IV. 
490 1 |a Edičný rad pre všeobecných lekárov 
504 |a Reg. 
650 0 7 |a chirurgia  |2 SNKPH  |9 2178 
650 0 7 |a Surgery  |2 SNKPHeng  |9 268480 
650 0 7 |a diagnostika (medicína)  |2 SNKPH  |9 28740 
650 0 7 |a Medical diagnostics  |2 SNKPHeng  |9 268685 
650 0 7 |a prevencia ochorení  |2 SNKPH  |9 69501 
650 0 7 |a Prevention of diseases  |2 SNKPHeng  |9 267625 
655 7 |a príručky  |2 SNKPH  |9 74364 
655 7 |a Handbooks, manuals, etc.  |2 SNKPHeng  |9 90964 
700 1 |a Brož, Ludomír  |4 aut  |9 604443 
700 1 |a Bürger, Jan  |4 aut  |9 570846 
700 1 |a Drahoňovský, Václav  |4 aut  |9 604444 
700 1 |a Fanta, Jan,  |d 1950-  |4 aut  |9 223037 
700 1 |a Kalný, Antonín  |4 aut  |9 604445 
700 1 |a Kessler, Petr  |4 aut  |9 604446 
700 1 |a Kostlivý, Karel  |4 aut  |9 604447 
700 1 |a Winkler, Ludvík  |4 aut  |9 604448 
830 0 |a Edičný rad pre VPL  |9 331749 
830 0 |a Edičný rad pre všeobecných lekárov  |9 417353 
852 |a Štátna vedecká knižnica v Banskej Bystrici 
919 |a 978-80-8140-106-0 
958 |a MI 
999 |c 926859  |d 928789 
952 |a SNK  |b SNK  |y PREZ  |7 0  |p 17A1110771  |o snkSC 159767  |i snk2014/12711  |8 0  |0 0  |1 0  |4 0  |d 2014-05-30  |f 1  |l 0  |r 2025-08-21 00:00:00  |w 2026-02-24 
952 |a SNK  |b SNK  |y VYP  |7 0  |p 17A1110772  |o snkSC 159767 D1  |i snk2014/12713  |8 0  |0 0  |1 0  |4 0  |d 2014-05-30  |l 0  |r 2026-02-24 08:36:26  |w 2026-02-24